| 000 | 00432nam a22001697a 4500 | ||
|---|---|---|---|
| 003 | CEME | ||
| 005 | 20210628203537.0 | ||
| 008 | 210119b xxu||||| |||| 00| 0 eng d | ||
| 040 | _c. | ||
| 082 | _a297.63 BHA | ||
| 100 |
_aRashid Saqi _966154 |
||
| 245 | _aHadees-e-shook, natoo kaw majmowa | ||
| 260 |
_aISLAMABAD _bBOOK CENTRE _c2007 |
||
| 300 | _a395P | ||
| 650 |
_aISLAM-BIOGRAPGY-PROPHET MUHAMMAD _966155 |
||
| 942 |
_cBK _2ddc |
||
| 999 |
_c574167 _d574167 |
||